| 000 | 00351nam a2200133Ia 4500 | ||
|---|---|---|---|
| 008 | 240624s9999 xx 000 0 und d | ||
| 041 | _aeng | ||
| 082 | _a303 TIL | ||
| 100 | _aTILLY CHARLES | ||
| 245 | _aSTORIES IDENTITIES AND POLITICAL CHANGE | ||
| 260 |
_c2002 _aNew York _bRowman & Littlefield Publishers |
||
| 300 | _a288 : p. | ||
| 365 |
_cGBP _b25 |
||
| 999 |
_c23622 _d23622 |
||